Statistiken für Frechen Stadtteile-Quiz

Klicken Sie hier um das Quiz zu spielen!

Allgemein

  • Dieses Quiz wurde 9 mal gespielt
  • Das Durchschnittsergebnis liegt bei 6 aus 9

Antwortstatistiken

Antwort% Korrekt
Frechen (Innenstadt)
89%
Bachem
78%
Grefrath
78%
Hücheln
78%
Königsdorf
78%
Buschbell
67%
Habbelrath
67%
Grube Carl
56%
Benzelrath
44%

Verteilung der Resultate

Perzentil nach korrekt beantworteten Fragen

Anzahl Personen mit jedem Resultat

Ihre Resultats-Entwicklung

Sie haben dieses Quiz noch nicht gespielt